02229agaaa2200301 45000010005000000030009000050050017000140070009000310080040000400400023000800410013001031000055001161300015001712450205001862500022003912600139004133000034005525080232005865110090008185200677009085380016015855460013016016500056016147000067016707000069017377000064018067000057018701581IT-RoPAU20220918181232.0d cvaizq50131s9999||||xx ||| | || ||und|| aIT-RoPAUcIT-RoPAU aITALIANO aAntonioni MichelangelogCodice regista SPICS: 9853 aNOTTE (LA) aNOTTE (LA)cProdotto da: Cassutto Emanuele -- Sceneggiatura: Antonioni Michelangelo Flaiano Ennio Guerra Tonino -- Diretto da: Antonioni MichelangelopNOTTE (LA) (Rif. Codice opera principale : 41581) aEdizione Standard aROMA - PARIGI (ITALIA - FRANCIA)bNEPI - SOFITEDIP - SILVER FILM / Distribuzione: RAIg"1961 (1° ed.: 1986 ; Ed. Lingua Orig.: 1961)" aVHSbsonoro, col.c118 minuti a"Fotografia: Di Venanzo Gianni; Montaggio: Da Roma Eraldo; Musica: Gaslini Giorgio; Sceneggiatura: Antonioni Michelangelo Flaiano Ennio Guerra Tonino; Scenografia: Zuffi Piero; Soggetto: Antonioni Michelangelo -- Flajano Ennio" a"Mastroianni Marcello; Moreau Jeanne; Vitti Monica; Wicki Bernhard; Mazzacurati Rosy" aGIOVANNI PONTANO SCRITTORE MILANESE DI SUCCESSO ATTRAVERSA UN PERIODO DI CRISI MATRIMONIALE, OGNI POSSIBILITA' DI DIALOGO CON LA MOGLIE SEMBRA PERDUTA I DUE SCOSSI DALLA VISITA A UN AMICO MORENTE E DOPO UN PARTY LETTERARIO PER LA PRESENTAZIONE DELL'ULTIMO LIBRO DI GIOVANNI VAGANO PER LA CITTA' COMPLETAMENTE SVUOTATI LA SERA SI RITROVANO A UNA FESTA NELLA SONTUOSA VILLA DICAMPAGNA DI UN GRANDE INDUSTRIALE E SI BUTTANO ENTRAMBI IN AVVENTURE SENTIMENTALI DA CUI ESCONO ANCORA PIU' DELUSI DI PRIMA MA ALL'ALBA RIESCONO FINALMENTE A PARLARSI APERTAMENTE E INTRAVEDONO FORSE UNA POSSIBILITA' DI SALVEZZA E DI MATURAZIONE PER IL LORO RAPPORTO FILM DRAMMATICO IN BIANCO E NERO aPAL, STEREO aITALIANO aDRAMAMTICOeFILMS [VHS]xCodice MATERIA SPICS: 9960 aAntonioni Michelangelo e(regista)gCodice regista SPICS: 9853 aAntonioni Michelangelo e(soggetto)gCodice Soggetto SPICS: 9853 aFlajano Ennio e(soggetto)gCodice Soggetto 2° SPICS: 6603 aGaslini Giorgioe(musica)gCodice Musica SPICS: 6239